| 000 | 00431nam a2200157Ia 4500 | ||
|---|---|---|---|
| 003 | GCL | ||
| 008 | 140319s9999 xx 000 0 ara d | ||
| 040 |
_aGCL / _cGCL |
||
| 082 | 0 | 4 |
_aد _b050 |
| 100 | 1 | _aشريف حتاتة | |
| 245 | 1 | 0 |
_aرحلة الى اسيا ( اقرا 381 ) / _cشريف حتاتة |
| 490 |
_aوثائق ونصوص _v0 |
||
| 650 | 0 | 4 | _aاسيا |
| 650 | 0 | 4 | _aاسيا - وصف ورحلات |
| 942 |
_2ddc _cCF |
||
| 999 |
_c27204 _d27204 |
||